书目信息 |
| 题名: |
定向运动与野外生存
|
|
| 作者: | 汪聚伟 , 覃兴耀 , 刘坤翔 编著 | |
| 分册: | ||
| 出版信息: | 北京 清华大学出版社 2017.3 |
|
| 页数: | 264页 | |
| 开本: | 26cm | |
| 丛书名: | ||
| 单 册: | ||
| 中图分类: | G826 , G895 | |
| 科图分类: | ||
| 主题词: | 定向运动--高等学校--教材 , 野外--生存--高等学校--教材 | |
| 电子资源: | ||
| ISBN: | 978-7-302-40096-7 | |
| 000 | 01112nam 2200289 45 | |
| 001 | 012001001135 | |
| 005 | 20130910153127.0 | |
| 010 | @a978-7-302-40096-7@dCNY35.00 | |
| 099 | @aCAL 012015127211 | |
| 100 | @a20151029d2015 em y0chiy0110 ea | |
| 101 | 0 | @achi |
| 102 | @aCN@b110000 | |
| 105 | @aa z 000yy | |
| 106 | @ar | |
| 200 | 1 | @a定向运动与野外生存@Ading xiang yun dong yu ye wai sheng cun@f汪聚伟, 覃兴耀, 刘坤翔编著 |
| 210 | @a北京@c清华大学出版社@d2017.3 | |
| 215 | @a264页@c图@d26cm | |
| 330 | @a本书分为上下两篇,上篇为定向运动,下篇为野外生存。上篇介绍了定向运动的基本知识、定向运动的文化、定向运动的基础知识、定向运动基本技能、定向运动的教学、训练与比赛。下篇介绍了野外生存概述、野外生存基本知识、野外生存的基本技能、野外生存的安全与急救、野外生存活动的策划与组织。 | |
| 606 | 0 | @a定向运动@x高等学校@j教材 |
| 606 | 0 | @a野外@x生存@x高等学校@j教材 |
| 690 | @aG826@v5 | |
| 690 | @aG895@v5 | |
| 701 | 0 | @a汪聚伟@AWang Juwei@4编著 |
| 701 | 0 | @a覃兴耀@AQin Xingyao@4编著 |
| 701 | 0 | @a刘坤翔@ALiu Kunxiang@4编著 |
| 801 | @aCN@b江苏凤凰@c20211018 | |
| 905 | @b1342334-7@dG826@e189@f4 | |
| 定向运动与野外生存/汪聚伟, 覃兴耀, 刘坤翔编著.-北京:清华大学出版社,2017.3 |
| 264页:图;26cm |
| ISBN 978-7-302-40096-7:CNY35.00 |
| 本书分为上下两篇,上篇为定向运动,下篇为野外生存。上篇介绍了定向运动的基本知识、定向运动的文化、定向运动的基础知识、定向运动基本技能、定向运动的教学、训练与比赛。下篇介绍了野外生存概述、野外生存基本知识、野外生存的基本技能、野外生存的安全与急救、野外生存活动的策划与组织。 |
| ● |
| 相关链接 |
|
|
|
|
正题名:定向运动与野外生存
索取号:G826/189
 
预约/预借
| 序号 | 登录号 | 条形码 | 馆藏地/架位号 | 状态 | 备注 |
| 1 | 1342334 | 213423348 | 第一样本阅览室/ [索取号:G826/189] | 在馆 | |
| 2 | 1342335 | 213423357 | 第四借阅区/ [索取号:G826/189] | 在馆 | |
| 3 | 1342336 | 213423366 | 第四借阅区/ [索取号:G826/189] | 在馆 | |
| 4 | 1342337 | 213423375 | 第四借阅区/ [索取号:G826/189] | 在馆 |